Play the game cricket

Bibliographic Details
Main Author: Morrison, Ian
Format: Book
Published: London : Ward Lock , 1993
Subjects:

MARC

LEADER 00000cam a2200000 7i4500
001 0000004960
002 000005347
005 20000330.0
020 |a 0713724099 
090 0 0 |a 796.358   |b MOR 
100 1 |a Morrison, Ian 
245 1 0 |a Play the game cricket   |c Ian Morrison 
260 |a London :   |b Ward Lock ,   |c 1993 
300 |a 80 p. ;   |c 21 cm. 
650 0 0 |a Coricket 
999 |a 00069095   |b BUKU   |c PINJAMAN   |e PERPUSTAKAAN KOMUNITI PETALING JAYA 
999 |a 00069096   |b BUKU   |c PINJAMAN   |e PERPUSTAKAAN KOMUNITI PETALING JAYA 
999 |a 033143   |b BUKU   |c PINJAMAN   |e PERPUSTAKAAN KOMUNITI PETALING JAYA 
999 |a 033144   |b BUKU   |c PINJAMAN   |e PERPUSTAKAAN KOMUNITI PETALING JAYA